000 00382nam a22001451a 4500
082 _aH3
_bRAH/V
100 _aRahul Sankrityayan
_9164946
245 _aVismrit yatra/
_cby Rahul Sankrityayan
260 _aAllahabad:
_bKithab Mahal,
_c1996.
300 _a245p.
650 _aNovel Hindi
_9164947
650 _aLiterature Hindi
_9164948
650 _aLiterature
_9164949
942 _cBK
999 _c50138
_d50138